000
00274nam a2200109Ia 4500
008
220204s9999 xx 000 0 und d
082
_a
621.3(035)
_b
BHA
100
_a
Bhatia, S L
245
0
_a
Handbook of electrical engineering
260
_a
Delhi
_b
Khanna
_c
1976
942
_c
BK
999
_c
31199
_d
31199